A history of interior design / (Record no. 31176)

MARC details
000 -LEADER
fixed length control field 01959cam a2200349 i 4500
001 - CONTROL NUMBER
control field ocn826899663
003 - CONTROL NUMBER IDENTIFIER
control field EG-ScBUE
005 - DATE AND TIME OF LATEST TRANSACTION
control field 20260406105036.0
008 - FIXED-LENGTH DATA ELEMENTS--GENERAL INFORMATION
fixed length control field 130204s2024 enkab f b 001 0 eng d
020 ## - INTERNATIONAL STANDARD BOOK NUMBER
International Standard Book Number 9781529419979
035 ## - SYSTEM CONTROL NUMBER
System control number (OCoLC)ocn826899663
040 ## - CATALOGING SOURCE
Original cataloging agency DLC
Language of cataloging eng
Description conventions rda
Transcribing agency DLC
Modifying agency IG#
-- OCLCO
-- YDXCP
-- UKMGB
-- EG-ScBUE
082 04 - DEWEY DECIMAL CLASSIFICATION NUMBER
Classification number 747.09
Edition number 22
Item number PIL
100 1# - MAIN ENTRY--PERSONAL NAME
Personal name Pile, John F.,
Relator term author.
245 12 - TITLE STATEMENT
Title A history of interior design /
Statement of responsibility, etc John Pile, Judith Gura and Drew Plunkett.
246 30 - VARYING FORM OF TITLE
Title proper/short title Interior design
250 ## - EDITION STATEMENT
Edition statement Fifth edition.
264 #1 - PUBLICATION, DISTRIBUTION, ETC. (IMPRINT)
Place of publication, distribution, etc London :
Name of publisher, distributor, etc Laurence King,
Date of publication, distribution, etc 2024.
300 ## - PHYSICAL DESCRIPTION
Extent 496 pages :
Other physical details illustrations (some color), color map ;
Dimensions 30 cm
336 ## - CONTENT TYPE
Content type term text
Source rdacontent
Content type code txt
337 ## - MEDIA TYPE
Media type term unmediated
Source rdamedia
Media type code n
338 ## - CARRIER TYPE
Carrier type term volume
Source rdacarrier
Carrier type code nc
504 ## - BIBLIOGRAPHY, ETC. NOTE
Bibliography, etc Includes bibliographical references and index.
505 0# - FORMATTED CONTENTS NOTE
Formatted contents note Prehistory to early civilizations -- Classical civilizations : Greece and Rome -- Early Christian, Byzantine, and Romanesque -- Islamic and Asian traditions -- The later Middle Ages -- The Renaissance of Italy -- Baroque and Rococo in Italy and northern Europe -- Renaissance, Baroque, and Rococo in France and Spain -- Renaissance to Georgian in the low countries and England -- Colonial and Federal America -- The Regency, revivals, and Industrial Revolution -- The Victorian era -- The aesthetic movements -- Art Nouveau and the Vienna Secession -- Eclectcisim -- The emergence of modernism -- Art Deco and industrial design -- The spread of early modernism in Europe -- Modernism in America -- The ascendancy of modernism -- After the international style : the late twentieth century -- Design on a new playing field.
650 #7 - SUBJECT ADDED ENTRY--TOPICAL TERM
Topical term or geographic name as entry element Interior decoration
General subdivision History.
Source of heading or term BUEsh
650 #7 - SUBJECT ADDED ENTRY--TOPICAL TERM
Topical term or geographic name as entry element Interior architecture
General subdivision History.
Source of heading or term BUEsh
653 ## - INDEX TERM--UNCONTROLLED
Arrived date list April2026
Resource For college Arts and Design
655 ## - INDEX TERM--GENRE/FORM
Form subdivision Reading book
700 1# - ADDED ENTRY--PERSONAL NAME
Personal name Gura, Judith,
Relator term author.
700 1# - ADDED ENTRY--PERSONAL NAME
Personal name Plunkett, Drew,
Relator term author.
942 ## - ADDED ENTRY ELEMENTS (KOHA)
Source of classification or shelving scheme Dewey Decimal Classification
Koha item type Book - Borrowing
Holdings
Withdrawn status Lost status Source of classification or shelving scheme Damaged status Not for loan Collection code Home library Current library Shelving location Date acquired Source of acquisition Cost, normal purchase price Serial Enumeration / chronology Total Checkouts Full call number Barcode Date last seen Cost, replacement price Price effective from Koha item type
    Dewey Decimal Classification     Baccah Central Library Central Library Second Floor 06/04/2026 Purchase 4771.00 40179   747.09 PIL 000057594 06/04/2026 5963.75 06/04/2026 Book - Borrowing